Vaidikasūkta-mañjarī. (Record no. 65483)
[ view plain ]
| 000 -LEADER | |
|---|---|
| fixed length control field | 00754cam a22002771 4500 |
| 001 - CONTROL NUMBER | |
| control field | sa 65008011 |
| 003 - CONTROL NUMBER IDENTIFIER | |
| control field | DLC |
| 005 - DATE AND TIME OF LATEST TRANSACTION | |
| control field | 20260227112152.0 |
| 008 - FIXED-LENGTH DATA ELEMENTS--GENERAL INFORMATION | |
| fixed length control field | 900212s1963 ii 000 0 sano |
| 010 ## - LIBRARY OF CONGRESS CONTROL NUMBER | |
| LC control number | sa 65008011 |
| 035 ## - SYSTEM CONTROL NUMBER | |
| System control number | (OCoLC)21054268 |
| 040 ## - CATALOGING SOURCE | |
| Original cataloging agency | DLC |
| Transcribing agency | WaU |
| Modifying agency | DLC |
| 041 0# - LANGUAGE CODE | |
| Language code of text/sound track or separate title | sanenghin |
| 042 ## - AUTHENTICATION CODE | |
| Authentication code | premarc |
| 050 00 - LIBRARY OF CONGRESS CALL NUMBER | |
| Classification number | PK669 |
| Item number | .V4 |
| 130 0# - MAIN ENTRY--UNIFORM TITLE | |
| Uniform title | Vedas. |
| Form subheading | Selections. |
| 245 10 - TITLE STATEMENT | |
| Title | Vaidikasūkta-mañjarī. |
| 260 ## - PUBLICATION, DISTRIBUTION, ETC. | |
| Date of publication, distribution, etc. | 1963. |
| 300 ## - PHYSICAL DESCRIPTION | |
| Extent | 100 p. |
| Dimensions | 19 cm. |
| 440 #0 - SERIES STATEMENT/ADDED ENTRY--TITLE | |
| Title | Vidyabhawan Sanskrit granthamala, |
| Volume/sequential designation | 102 |
| 500 ## - GENERAL NOTE | |
| General note | Added t. p.: The Vedic sūkta maṅjarī. |
| 500 ## - GENERAL NOTE | |
| General note | English, Hindi and Sanskrit. |
| 650 #0 - SUBJECT ADDED ENTRY--TOPICAL TERM | |
| Topical term or geographic name entry element | Sanskrit language |
| General subdivision | Readers. |
| 700 1# - ADDED ENTRY--PERSONAL NAME | |
| Personal name | Sastri, Ramkrisna. |
| 740 0# - ADDED ENTRY--UNCONTROLLED RELATED/ANALYTICAL TITLE | |
| Uncontrolled related/analytical title | Vedic sūkta maṅjarī. |
No items available.